| 000 | 02576nas a22004575i 4500 | ||
|---|---|---|---|
| 001 | 2097-5627 | ||
| 003 | DE-He213 | ||
| 005 | 20260304140619.0 | ||
| 007 | cr nn 008mamaa | ||
| 008 | 250923s||||||||si uu poo|||||| b|EN |d | ||
| 022 | _a2097-5627 | ||
| 024 | 7 |
_a44517 _2local |
|
| 210 | 1 | 0 | _aGeohazards Remediat. |
| 245 | 1 | 0 |
_aGeohazards & Remediation _h[electronic resource] / _cedited by Yu Huang, Nicola Casagli, David Tappin, Jin Sun, Ping Lu, Wuwei Mao, Xingyue Li. |
| 264 | 1 |
_aSingapore : _bSpringer Nature Singapore : _bImprint: Higher Education Press, co-published with Springer. |
|
| 300 | _bonline resource. | ||
| 520 | _aGeohazards & Remediation aims to establish a platform for scientists and engineers in the field of geohazards and remediation. This journal focuses on key issues of geohazards such as the mechanisms, prevention and control, risk analysis, monitoring and early warning, and emergency response, as well as post-disaster recovery and reconstruction. The journal will present advanced theoretical, experimental and field and AI-aided research on geological disasters and their remediation. The journal encourages submissions on topics including, but not limited to, mechanisms of geohazards, geohazard forecasting, geohazard mitigation, resilient disaster prevention, chains of geohazards. | ||
| 650 | 0 | _aNatural disasters. | |
| 650 | 0 |
_aEngineering. _9159 |
|
| 650 | 0 | _aEarth sciences. | |
| 650 | 0 | _aPhysical geography. | |
| 650 | 0 | _aGeophysics. | |
| 650 | 0 | _aEarth sciences. | |
| 650 | 0 | _aGeography. | |
| 650 | 1 | 4 | _aNatural Hazards. |
| 650 | 2 | 4 |
_aTechnology and Engineering. _9163 |
| 650 | 2 | 4 | _aEarth Sciences. |
| 650 | 2 | 4 | _aEarth System Sciences. |
| 650 | 2 | 4 | _aGeophysics. |
| 650 | 2 | 4 | _aEarth and Environmental Sciences. |
| 700 | 1 |
_aHuang, Yu. _eeditor. _4edt _4http://id.loc.gov/vocabulary/relators/edt _924056 |
|
| 700 | 1 |
_aCasagli, Nicola. _eeditor. _4edt _4http://id.loc.gov/vocabulary/relators/edt _9274 |
|
| 700 | 1 |
_aTappin, David. _eeditor. _4edt _4http://id.loc.gov/vocabulary/relators/edt _924057 |
|
| 700 | 1 |
_aSun, Jin. _eeditor. _4edt _4http://id.loc.gov/vocabulary/relators/edt _924058 |
|
| 700 | 1 |
_aLu, Ping. _eeditor. _4edt _4http://id.loc.gov/vocabulary/relators/edt _924059 |
|
| 700 | 1 |
_aMao, Wuwei. _eeditor. _4edt _4http://id.loc.gov/vocabulary/relators/edt _924060 |
|
| 700 | 1 |
_aLi, Xingyue. _eeditor. _4edt _4http://id.loc.gov/vocabulary/relators/edt _924061 |
|
| 710 | 2 | _aSpringerLink (Online service) | |
| 856 | 4 | 0 |
_uhttp://link.springer.com/journal/44517 _zOpen Access |
| 999 |
_c579927 _d579927 |
||